Rozpad Jugoslávie: Kosovo na začátku i na konci
V 60. rokoch začali v Kosove nacionalistické tlaky, migrácia a osvojovanie územia na etnickom princípe. Kosovo do juhoslovanskej praxe zaviedlo nové, do tej doby v komunistickej Juhoslávii nemysliteľné diskriminačné paradigmy - diskrimináciu a dominanciu založenú na etnickom a nie na politickom či i...
Salvato in:
| Autore principale: | |
|---|---|
| Natura: | Capitolo di libro |
| Lingua: | ceco |
| Soggetti: | |
| Tags: |
Nessun Tag, puoi essere il primo ad aggiungerne!!
|
MARC
| LEADER | 00000naa a2200000 4500 | ||
|---|---|---|---|
| 001 | 0130072 | ||
| 005 | 20231016094528.8 | ||
| 041 | 0 | |a cze | |
| 044 | |a CZ | ||
| 245 | 1 | 0 | |a Rozpad Jugoslávie: Kosovo na začátku i na konci |c Václav Štěpánek |
| 520 | |a V 60. rokoch začali v Kosove nacionalistické tlaky, migrácia a osvojovanie územia na etnickom princípe. Kosovo do juhoslovanskej praxe zaviedlo nové, do tej doby v komunistickej Juhoslávii nemysliteľné diskriminačné paradigmy - diskrimináciu a dominanciu založenú na etnickom a nie na politickom či ideologickom princípe. Kosovské problémy možno označiť aj ako katalyzátor juhoslovanskej krízy. | ||
| 610 | 2 | 0 | |a politika vnútorná |
| 610 | 2 | 0 | |a diskriminácia |
| 610 | 2 | 0 | |a nacionalizmus |
| 610 | 2 | 0 | |a konflikty etnické |
| 610 | 2 | 0 | |a autonómia |
| 610 | 2 | 0 | |a Kosovo |
| 610 | 2 | 0 | |a Juhoslávia |
| 100 | 1 | |a Štěpánek, Václav | |